000 00422nam a2200145Ia 4500
008 211109s9999||||xx |||||||||||||| ||und||
082 _a920
_bEDW-L
100 _aEdward, J Hugh
245 0 _aLife of David Lloyd George: With a Short History of the Welsh People
260 _bNATIONAL BOOKSTALL
_aKottayam
_c1913
300 _a596p.
630 _xGeneral Stack
650 _aBiography
_xBiography-Autobiography
942 _cBOOK
999 _c894
_d894